00309nam a2200133Ia 4500008004100000041000800041082001400049100001700063245001500080250001400095260002800109300003100137365000700168240624s9999 xx 000 0 und d aeng a332.6 COW aCOWDELL JANE aINVESTMENT a(5th ed.) c2002aDelhibA.I.T.B.S. axvi, : 438 : p. : cm. ; 24 cRS